000
00283nam a2200133Ia 4500
100
_a
Crawfork/ R.J
942
_c
BK
654
_a
Plastics
245
_a
Plastics engineering
260
_b
Pergamon press
_a
Oxford
_c
1987
082
_a
668.4
_b
CRA
300
_a
354
546
_a
ENGLISH
999
_c
19229
_d
19229